[Event "PRO League Atlantic 2017"]
[Site "chess.com INT"]
[Date "2017.01.11"]
[Round "1"]
[White "Benjamin, Joel"]
[Black "Villanueva, Mario"]
[Result "1-0"]
[WhiteTitle "GM"]
[BlackTitle "IM"]
[WhiteElo "2544"]
[BlackElo "2425"]
[WhiteTeam "New Jersey Knockouts"]
[BlackTeam "Buenos Aires Krakens"]
[WhiteFideId "2000091"]
[BlackFideId "113433"]
[EventDate "2017.01.11"]

1. e4 e5 2. Nf3 Nf6 3. Nxe5 d6 4. Nf3 Nxe4 5. Bd3 d5 6. Qe2 Qe7 7. O-O Nd6 8.
Qd1 Qf6 9. Nc3 c6 10. b3 Bg4 11. Be2 Be7 12. Bb2 Qh6 13. Nd4 Bd7 14. Ba3 O-O 15.
Re1 Re8 16. Bd3 Bf8 17. Rxe8 Bxe8 18. Qe2 Nd7 19. Re1 Nf6 20. Nf5 Nxf5 21. Bxf8
Nd4 22. Qe5 Qxd2 23. Bb4 Nxc2 24. Rd1 Qxd3 25. Rxd3 Nxb4 26. Rg3 Kh8 27. Qg5 1-0

[Event "PRO League Atlantic 2017"]
[Site "chess.com INT"]
[Date "2017.01.11"]
[Round "1"]
[White "Benjamin, Joel"]
[Black "Mareco, Sandro"]
[Result "0-1"]
[WhiteTitle "GM"]
[BlackTitle "GM"]
[WhiteElo "2544"]
[BlackElo "2645"]
[WhiteTeam "New Jersey Knockouts"]
[BlackTeam "Buenos Aires Krakens"]
[WhiteFideId "2000091"]
[BlackFideId "112275"]
[EventDate "2017.01.11"]

1. e4 c5 2. Nf3 d6 3. c3 Nf6 4. h3 Nbd7 5. Bd3 g6 6. O-O Bg7 7. Bc2 O-O 8. d4 b6
9. Re1 Bb7 10. Nbd2 Rc8 11. Nf1 cxd4 12. cxd4 e5 13. d5 Nh5 14. Bg5 Bf6 15. Bh6
Bg7 16. Bg5 Bf6 17. Be3 Nf4 18. Rc1 Qe7 19. h4 Bg7 20. g3 Nh5 21. N1h2 h6 22. b4
Nhf6 23. Qd2 Kh7 24. Bd3 Rxc1 25. Rxc1 Bxd5 26. exd5 e4 27. Bf1 exf3 28. Nxf3
Qe4 29. Bg2 Qg4 30. Rc7 Ra8 31. Bf4 a5 32. b5 Kg8 33. Nd4 Nc5 34. Bf3 Qh3 35.
Qd1 Re8 36. Bg2 Qg4 37. Bf3 Qh3 38. Nc6 Bf8 39. Qf1 Qf5 40. Nd4 Qd3 41. Qxd3
Nxd3 42. Be3 Nb4 43. Rb7 Nbxd5 44. Bd2 Ne4 45. Bc1 Bg7 46. Nc6 a4 47. Kg2 Nc5
48. Ra7 Nc3 49. Ne7+ Kh8 50. Bc6 Rd8 51. a3 d5 52. Bf4 Ne6 53. Bd2 d4 54. Rb7
Nb1 55. Bb4 d3 56. Bd7 Nf8 57. Bg4 d2 58. Bd1 Bc3 59. Nc6 Re8 60. Bd6 Bb2 61.
Rxf7 Kg8 62. Rb7 Nc3 63. Bc2 d1=Q 64. Bxd1 Nxd1 65. Rxb6 Re6 66. Nd8 Rf6 67. Bc5
Rxb6 68. Bxb6 Bxa3 69. Nc6 Ne6 70. Ba5 Bd6 71. b6 a3 72. Bb4 Bxb4 73. Nxb4 Nc5
74. Kf3 Nc3 75. Ke3 a2 76. Nc2 Nb5 77. g4 Kf7 78. f4 Ke6 79. Kf3 Kd5 80. h5 gxh5
81. gxh5 Nd6 82. Ke3 Nc4+ 0-1

[Event "PRO League Atlantic 2017"]
[Site "chess.com INT"]
[Date "2017.01.11"]
[Round "1"]
[White "Gulamali, Kazim"]
[Black "Abreu Delgado, Aryam"]
[Result "0-1"]
[WhiteTitle "FM"]
[BlackTitle "GM"]
[WhiteElo "2341"]
[BlackElo "2452"]
[WhiteTeam "Atlanta Kings"]
[BlackTeam "Miami Champions"]
[WhiteFideId "2024764"]
[BlackFideId "3502589"]
[EventDate "2017.01.11"]

1. e4 c5 2. Nf3 d6 3. d4 cxd4 4. Nxd4 Nf6 5. Nc3 a6 6. Be3 e5 7. Nb3 Be6 8. h3
Be7 9. Qf3 O-O 10. O-O-O b5 11. a3 Qc7 12. g4 Rc8 13. g5 Nfd7 14. Bd3 b4 15.
axb4 Nc6 16. b5 Nb4 17. bxa6 Nxd3+ 18. Rxd3 Rxa6 19. h4 Nb6 20. Bxb6 Rxb6 21.
Rhd1 Bxb3 22. cxb3 Rxb3 23. R1d2 Qa7 24. Rc2 Qa1+ 25. Nb1 Rxc2+ 26. Kxc2 Rxb2+ 0-1

[Event "PRO League Atlantic 2017"]
[Site "chess.com INT"]
[Date "2017.01.11"]
[Round "1"]
[White "Gulamali, Kazim"]
[Black "Kumar, Nikhil"]
[Result "0-1"]
[WhiteTitle "FM"]
[BlackTitle "FM"]
[WhiteElo "2341"]
[BlackElo "2379"]
[WhiteTeam "Atlanta Kings"]
[BlackTeam "Miami Champions"]
[WhiteFideId "2024764"]
[BlackFideId "30909040"]
[EventDate "2017.01.11"]

1. Nf3 d5 2. c4 e6 3. g3 Nf6 4. Bg2 Be7 5. O-O O-O 6. b3 b6 7. Bb2 Bb7 8. e3 c5
9. Qe2 Nc6 10. Rd1 Rc8 11. d3 a6 12. Nbd2 Qc7 13. Rac1 Rfd8 14. a3 dxc4 15. bxc4
Rd7 16. d4 Rcd8 17. Nb3 a5 18. dxc5 Rxd1+ 19. Rxd1 Rxd1+ 20. Qxd1 bxc5 21. Nbd2
Ba6 22. Qc2 Qd7 23. Qa4 Ne5 24. Qxa5 Nxc4 25. Qxa6 Nxb2 26. Bf1 g6 27. Qa8+ Kg7
28. Qb8 Nd3 29. Qb1 c4 30. Nxc4 Nc5 31. Nfe5 Qd5 32. Bg2 Nfe4 33. Bxe4 Nxe4 34.
Qd3 f6 35. f3 fxe5 36. Qxe4 Qd1+ 37. Kg2 Qe2+ 38. Kh3 Qf1+ 39. Kg4 h5# 0-1

[Event "PRO League Atlantic 2017"]
[Site "chess.com INT"]
[Date "2017.01.11"]
[Round "1"]
[White "Arias, Juan Cruz"]
[Black "Feng, Maggie"]
[Result "1/2-1/2"]
[BlackTitle "WCM"]
[WhiteElo "2202"]
[BlackElo "2164"]
[WhiteTeam "Patagonia Penguins"]
[BlackTeam "Columbus Cardinals"]
[WhiteFideId "118540"]
[BlackFideId "2078090"]
[EventDate "2017.01.11"]

1. d4 d5 2. Nf3 c5 3. e3 Nf6 4. c3 Nc6 5. Nbd2 cxd4 6. exd4 g6 7. Bd3 Bg7 8. O-O
O-O 9. Re1 Qc7 10. Nb3 Bg4 11. h3 Bxf3 12. Qxf3 e5 13. dxe5 Nxe5 14. Qg3 Nh5 15.
Qh2 Rac8 16. Be2 Rfe8 17. Bd2 Nf6 18. Bf4 Ne4 19. Bb5 Re7 20. Nd4 Qb6 21. Be3
Qf6 22. Qf4 a6 23. Qxf6 Bxf6 24. Bf1 Nc4 25. Bxc4 dxc4 26. Nf3 Nxc3 27. bxc3
Bxc3 28. Rac1 Bxe1 29. Rxe1 c3 30. Rc1 c2 31. Nd4 Rec7 32. Kf1 Rc4 33. Ke2 b5
34. Kd2 Ra4 35. Rxc2 Rxc2+ 36. Kxc2 Rxa2+ 37. Kb3 Ra1 38. h4 h5 39. Kb4 Ra4+ 40.
Kb3 Ra1 41. Kb4 Ra4+ 42. Kb3 Ra1 1/2-1/2

[Event "PRO League Atlantic 2017"]
[Site "chess.com INT"]
[Date "2017.01.11"]
[Round "1"]
[White "Arias, Juan Cruz"]
[Black "Brattain, Mika A"]
[Result "1/2-1/2"]
[WhiteElo "2202"]
[BlackElo "2376"]
[WhiteTeam "Patagonia Penguins"]
[BlackTeam "Columbus Cardinals"]
[WhiteFideId "118540"]
[BlackFideId "2071142"]
[EventDate "2017.01.11"]

1. d4 Nf6 2. Nf3 g6 3. Bg5 Bg7 4. Nbd2 O-O 5. c3 d6 6. e4 Nbd7 7. Be2 h6 8. Bh4
e5 9. dxe5 dxe5 10. O-O Qe8 11. Qc2 b6 12. Rfe1 Bb7 13. Bf1 Nh5 14. Nc4 f5 15.
exf5 Bxf3 16. gxf3 gxf5 17. Rad1 Kh8 18. Kh1 Qe6 19. Ne3 Qc6 20. Nxf5 Nf4 21.
Qe4 Qxe4 22. fxe4 Nc5 23. f3 Bf6 24. Bf2 h5 25. Bxc5 bxc5 26. Rd7 Rad8 27. Red1
Rxd7 28. Rxd7 Rd8 29. Rxd8+ Bxd8 30. Bc4 Kh7 31. Bf7 h4 32. Bc4 Kg6 33. Kg1 Bg5
34. Kf1 Kf6 35. Ke1 Ng6 36. Kd1 Ne7 37. Nxe7 Kxe7 38. Kc2 Kd6 39. Bd5 h3 40. Bc4
Bf4 41. Bf1 Bxh2 42. Bxh3 Kc6 43. Bc8 Kb6 44. Kd3 a5 45. Kc4 Bf4 46. Kd5 Bh2 47.
Bd7 Bf4 48. Ba4 Bg3 49. Bc2 Bf4 50. c4 Bg3 51. a3 Bf4 52. b4 cxb4 53. axb4 axb4
54. c5+ Kb7 55. Ba4 Kb8 56. Kc4 Bd2 57. Kd5 Bf4 58. Kc6 Bg3 59. Kb5 Bf4 60. Kxb4
Bg3 61. Kb5 Bf4 62. Kc6 Bg3 63. Bb5 Bf4 64. Ba6 Bg3 65. Kd7 Bf4 66. Ke6 Bg3 67.
Kf5 Bf4 68. Kg4 Ka7 69. Bb5 Kb8 70. Bc6 Ka7 71. Bd5 Ka6 72. Bc4+ Ka5 73. Bd5 Kb4
74. c6 Kc5 75. Kf5 1/2-1/2

[Event "PRO League Atlantic 2017"]
[Site "chess.com INT"]
[Date "2017.01.11"]
[Round "1"]
[White "Arnold, Marc T"]
[Black "Sambuev, Bator"]
[Result "1-0"]
[WhiteTitle "GM"]
[BlackTitle "GM"]
[WhiteElo "2524"]
[BlackElo "2539"]
[WhiteTeam "Montclair Sopranos"]
[BlackTeam "Toronto Dragons"]
[WhiteFideId "2022320"]
[BlackFideId "4128290"]
[EventDate "2017.01.11"]

1. d4 d5 2. c4 e6 3. Nc3 c6 4. e3 Bd6 5. Bd3 f5 6. Qc2 Nh6 7. Nge2 O-O 8. Bd2
Kh8 9. f3 Qh4+ 10. g3 Qe7 11. O-O-O dxc4 12. Bxc4 b5 13. Bd3 Nf7 14. Kb1 Bb7 15.
Rhf1 Nd7 16. g4 b4 17. Na4 fxg4 18. fxg4 Qh4 19. Nf4 Ng5 20. Be1 Qh6 21. h4 Bxf4
22. exf4 Nh3 23. Bg3 c5 24. Nxc5 Nxc5 25. dxc5 e5 26. g5 Qh5 27. c6 Bxc6 28.
Qxc6 exf4 29. Bh2 Qxh4 30. Bf5 Nf2 31. Rd2 Qxg5 32. Bc2 Ng4 33. Bxf4 Qh4 34. Rh1
Rac8 35. Rxh4 Rxc6 36. Rxg4 Rc4 37. b3 1-0

[Event "PRO League Atlantic 2017"]
[Site "chess.com INT"]
[Date "2017.01.11"]
[Round "1"]
[White "Brattain, Mika A"]
[Black "Randazzo, Adrian"]
[Result "0-1"]
[BlackTitle "FM"]
[WhiteElo "2376"]
[BlackElo "2234"]
[WhiteTeam "Columbus Cardinals"]
[BlackTeam "Patagonia Penguins"]
[WhiteFideId "2071142"]
[BlackFideId "114251"]
[EventDate "2017.01.11"]

1. Nf3 c5 2. c4 Nf6 3. Nc3 g6 4. e4 Nc6 5. d4 cxd4 6. Nxd4 Nxd4 7. Qxd4 d6 8.
Be2 Bg7 9. Be3 O-O 10. Qd2 Be6 11. Rc1 Qa5 12. f3 Rfc8 13. Nd5 Qxd2+ 14. Kxd2
Nxd5 15. cxd5 Bd7 16. b3 a6 17. g4 Bb2 18. Rxc8+ Rxc8 19. Rb1 Bc3+ 20. Kd1 e6
21. dxe6 fxe6 22. Rc1 Kf7 23. f4 b5 24. Bd2 Bd4 25. Rxc8 Bxc8 26. Kc2 e5 27. Kd3
Bg1 28. fxe5 dxe5 29. h3 Bc5 30. Bc3 Ke6 31. b4 Bf2 32. Bd1 Kf6 33. Bb3 Bg3 34.
Ke2 Kg5 35. Kf3 Kh4 36. Kg2 h5 37. Bf7 hxg4 38. hxg4 g5 39. Bd2 Bf4 40. Bxf4
gxf4 41. Bd5 Kxg4 42. Kf2 f3 43. a3 Kf4 44. Bc6 Be6 45. Bb7 Bd7 46. Bxa6 Bc6 0-1

[Event "PRO League Atlantic 2017"]
[Site "chess.com INT"]
[Date "2017.01.11"]
[Round "1"]
[White "Brattain, Mika A"]
[Black "Pacheco, Daniel"]
[Result "1/2-1/2"]
[BlackTitle "FM"]
[WhiteElo "2376"]
[BlackElo "2279"]
[WhiteTeam "Columbus Cardinals"]
[BlackTeam "Patagonia Penguins"]
[WhiteFideId "2071142"]
[BlackFideId "101680"]
[EventDate "2017.01.11"]

1. Nf3 e6 2. c4 b6 3. g3 Bb7 4. Bg2 c5 5. Nc3 Nf6 6. O-O Be7 7. d4 cxd4 8. Qxd4
O-O 9. Rd1 a6 10. Na4 b5 11. Nc5 Nc6 12. Nxb7 Nxd4 13. Nxd8 Nc2 14. Ne1 Nxa1 15.
Bxa8 Rxd8 16. Bf3 Bb4 17. Bd2 Bxd2 18. Rxd2 bxc4 19. Rd1 Rb8 20. Rxa1 Rxb2 21.
e4 d5 22. exd5 exd5 23. Rd1 c3 24. Bxd5 c2 25. Nxc2 Rxc2 26. Be4 Rc8 27. Bb7 Rb8
28. Bxa6 g5 29. a4 Rb2 30. f3 g4 31. fxg4 Nxg4 32. Re1 Nxh2 33. Be2 Ra2 34. Kxh2
Rxa4 35. Bf3 Ra7 36. Re4 Kg7 37. Rg4+ Kf8 38. Rh4 Kg7 39. Be4 h6 40. Kh3 Ra5 41.
Rg4+ Kh8 42. Rf4 Kg7 43. Kg4 Rc5 44. Rf5 Rc4 45. Rf4 Rc5 46. Rf5 Rc4 47. Kf3
Rc3+ 48. Kf4 Rc4 49. g4 Rd4 50. Ke3 Rd7 51. Bd5 Ra7 52. Re5 Ra5 53. Ke4 Ra4+ 54.
Kf5 Ra7 55. Bf3 Ra6 56. Kf4 Ra7 57. Kg3 Kf6 58. Rf5+ Kg7 59. Rf4 Ra1 60. Re4 Ra7
61. Rb4 Rc7 62. Kh4 Rc5 63. Rb7 Re5 64. Rd7 Kg6 65. Bd5 f5 66. Rd6+ Kg7 67. g5
hxg5+ 68. Kxg5 Kf8 69. Kf6 Re1 70. Rd8+ Re8 71. Rd7 Rb8 72. Rf7+ Ke8 73. Be6 Rb6
74. Rc7 Rb8 75. Rh7 Kd8 76. Rd7+ Ke8 77. Re7+ Kd8 78. Rd7+ Ke8 79. Rd2 f4 80.
Rc2 f3 81. Rf2 Rb1 82. Rxf3 Kd8 83. Rc3 Rf1+ 84. Ke5 Re1+ 85. Kd6 Rd1+ 86. Bd5
Ra1 87. Rh3 Re1 88. Rh8+ Re8 89. Rh7 Re1 90. Ra7 Rc1 91. Rd7+ Ke8 92. Rh7 Kf8
93. Rf7+ Ke8 94. Rg7 Rf1 95. Rg8+ Rf8 96. Rg7 Rf6+ 97. Be6 Rf1 98. Rg8+ Rf8 99.
Rg2 Rf1 100. Rg8+ Rf8 101. Rg7 Rf2 102. Re7+ Kf8 103. Ra7 Rd2+ 104. Ke5 Rd1 105.
Kf6 Rf1+ 106. Bf5 Re1 107. Rh7 Rg1 108. Rf7+ Ke8 109. Rc7 Rd1 110. Rc8+ Rd8 111.
Rc1 Rd6+ 112. Be6 Rd2 113. Rc8+ Rd8 114. Rc7 Rd2 115. Rh7 Kd8 116. Ra7 Rf2+ 117.
Ke5 Rf1 118. Kd6 Rd1+ 119. Bd5 Rc1 120. Rg7 Re1 121. Rg8+ Re8 122. Rg3 Re1 123.
Rb3 Rc1 124. Rb8+ Rc8 125. Rb7 Rc1 126. Rh7 Re1 127. Be6 Rd1+ 128. Bd5 Re1 129.
Rh6 Re3 130. Rf6 Re1 131. Rf8+ Re8 132. Rf7 Re1 133. Rd7+ Ke8 134. Rg7 Kd8 135.
Rg6 Re3 136. Rh6 Re1 137. Rh5 Re7 138. Bc6 Rd7+ 139. Kc5 Rg7 140. Re5 Kc7 141.
Rf5 Re7 142. Bd5 Rg7 143. Rf3 1/2-1/2

[Event "PRO League Atlantic 2017"]
[Site "chess.com INT"]
[Date "2017.01.11"]
[Round "1"]
[White "Lugo, Blas"]
[Black "Zapata, Alonso"]
[Result "0-1"]
[WhiteTitle "IM"]
[BlackTitle "GM"]
[WhiteElo "2399"]
[BlackElo "2418"]
[WhiteTeam "Miami Champions"]
[BlackTeam "Atlanta Kings"]
[WhiteFideId "2011263"]
[BlackFideId "4400011"]
[EventDate "2017.01.11"]

1. e4 c5 2. Nf3 d6 3. d4 cxd4 4. Nxd4 Nf6 5. Nc3 a6 6. Be3 e5 7. Nb3 Be7 8. f3
Be6 9. Qd2 Nbd7 10. g4 Nb6 11. g5 Nfd7 12. h4 Qc7 13. O-O-O Rc8 14. Kb1 O-O 15.
h5 f5 16. g6 f4 17. gxh7+ Kh8 18. Bf2 Nf6 19. h6 g5 20. Bd3 Nc4 21. Bxc4 Qxc4
22. Rdg1 Nxh7 23. Qd3 b5 24. Nd5 Bxd5 25. exd5 Qxd3 26. cxd3 Rg8 27. d4 Nf6 28.
dxe5 dxe5 29. Re1 Bd6 30. Re2 Rgd8 31. Rg1 Rg8 32. Nd4 Nxd5 33. Nf5 Bb8 34. Rd1
Nf6 35. Ne7 Rgd8 36. Rg1 Rc4 37. Ng6+ Kh7 38. Nxe5 Bxe5 39. Rxe5 Rd2 40. Bc5 g4
41. fxg4 Nxg4 42. Re7+ Kxh6 43. b4 f3 44. Rxg4 Rd1+ 45. Kb2 Rxg4 46. Be3+ Kg6
47. Re6+ Kf5 48. Re8 Rd3 49. Bc5 Rg2+ 50. Kc1 Rc3+ 51. Kd1 Ra3 52. Rf8+ Ke4 53.
Re8+ Kd5 54. Rf8 Raxa2 0-1

[Event "PRO League Atlantic 2017"]
[Site "chess.com INT"]
[Date "2017.01.11"]
[Round "1"]
[White "Lugo, Blas"]
[Black "Gulamali, Kazim"]
[Result "0-1"]
[WhiteTitle "IM"]
[BlackTitle "FM"]
[WhiteElo "2399"]
[BlackElo "2341"]
[WhiteTeam "Miami Champions"]
[BlackTeam "Atlanta Kings"]
[WhiteFideId "2011263"]
[BlackFideId "2024764"]
[EventDate "2017.01.11"]

1. e4 c5 2. Nf3 e6 3. d4 cxd4 4. Nxd4 Nc6 5. Nc3 Qc7 6. Ndb5 Qb8 7. Be3 a6 8.
Bb6 axb5 9. Nxb5 Bb4+ 10. c3 Ba5 11. Nd6+ Kf8 12. Bc5 Nge7 13. Qh5 Nd8 14. Qh4
Ng6 15. Qg3 Kg8 16. h4 h5 17. O-O-O Bc7 18. f4 b6 19. Bb4 Nc6 20. f5 Nge5 21.
Ba3 Rxa3 22. bxa3 Bxd6 23. fxe6 dxe6 0-1

[Event "PRO League Atlantic 2017"]
[Site "chess.com INT"]
[Date "2017.01.11"]
[Round "1"]
[White "Villanueva, Mario"]
[Black "Fishbein, Alexander"]
[Result "1/2-1/2"]
[WhiteTitle "IM"]
[BlackTitle "GM"]
[WhiteElo "2425"]
[BlackElo "2481"]
[WhiteTeam "Buenos Aires Krakens"]
[BlackTeam "New Jersey Knockouts"]
[WhiteFideId "113433"]
[BlackFideId "2000377"]
[EventDate "2017.01.11"]

1. e4 c5 2. Nf3 d6 3. Bb5+ Bd7 4. Bxd7+ Nxd7 5. O-O Ngf6 6. Qe2 e6 7. c3 Be7 8.
d4 O-O 9. e5 Ne8 10. exd6 Nxd6 11. dxc5 Nxc5 12. Rd1 Qb6 13. Be3 Qa6 14. Qxa6
Nxa6 15. Nbd2 Nf5 16. Bf4 Nc5 17. Nb3 Na4 18. g4 Nh4 19. Nxh4 Bxh4 20. Rd4 Nb6
21. Rad1 Nd5 22. Be5 b5 23. Nc5 Be7 24. Nd3 g5 25. Bg3 Rac8 26. Kf1 Rfd8 27. Ke2
f6 28. f4 gxf4 29. Nxf4 Nxf4+ 30. Bxf4 Rxd4 31. Rxd4 Rd8 32. Rxd8+ Bxd8 1/2-1/2

[Event "PRO League Atlantic 2017"]
[Site "chess.com INT"]
[Date "2017.01.11"]
[Round "1"]
[White "Villanueva, Mario"]
[Black "Stripunsky, Alexander"]
[Result "1-0"]
[WhiteTitle "IM"]
[BlackTitle "GM"]
[WhiteElo "2425"]
[BlackElo "2536"]
[WhiteTeam "Buenos Aires Krakens"]
[BlackTeam "New Jersey Knockouts"]
[WhiteFideId "113433"]
[BlackFideId "2015315"]
[EventDate "2017.01.11"]

1. e4 c5 2. Nf3 e6 3. d4 cxd4 4. Nxd4 a6 5. Nc3 Qc7 6. Bd3 Nf6 7. f4 b5 8. e5 b4
9. Na4 Nd5 10. O-O Bc5 11. Be4 Bb7 12. Kh1 Ba7 13. Nf5 exf5 14. Bxd5 O-O 15.
Bxb7 Qxb7 16. c4 Nc6 17. Qd3 b3 18. axb3 Rab8 19. Ra3 Rfd8 20. Rd1 g6 21. Qc3
Nb4 22. Bd2 d6 23. Qxb4 Qe4 24. Qc3 dxe5 25. Raa1 Rd3 26. Qc2 Rbxb3 27. Nc3 Qxc4
28. Ra4 Rxd2 29. Qxd2 Qc6 30. fxe5 Rxc3 31. Qd8+ Kg7 32. Qf6+ Qxf6 33. exf6+ 1-0

[Event "PRO League Atlantic 2017"]
[Site "chess.com INT"]
[Date "2017.01.11"]
[Round "1"]
[White "Wang, Jason"]
[Black "Aguilar, Andres"]
[Result "1/2-1/2"]
[WhiteElo "2006"]
[BlackElo "2291"]
[WhiteTeam "Columbus Cardinals"]
[BlackTeam "Patagonia Penguins"]
[WhiteFideId "30908124"]
[BlackFideId "113514"]
[EventDate "2017.01.11"]

1. d4 Nf6 2. c4 g6 3. Nc3 Bg7 4. e4 d6 5. Bd3 O-O 6. Nge2 c5 7. d5 e6 8. h3 exd5
9. exd5 Nbd7 10. f4 a6 11. a4 Ne8 12. O-O Nc7 13. a5 Rb8 14. Be3 b5 15. axb6
Rxb6 16. Qd2 Re8 17. Kh2 f5 18. Bf2 Nf6 19. Ng3 Ne4 20. Bxe4 fxe4 21. Ngxe4 Bf5
22. Ng3 Qf6 23. Nxf5 gxf5 24. Rae1 Reb8 25. Rb1 Rb4 26. Qe2 Re8 27. Qd3 Bh6 28.
Be3 Reb8 29. Rf2 Rb3 30. Re1 Rxb2 31. Rf3 R8b3 32. Bc1 Ra2 33. Nxa2 Rxd3 34.
Rxd3 Qa1 35. Re2 Qb1 36. Rg3+ Kf7 37. Rb2 Qe4 38. Rb7 Qe7 39. Nc3 Kf8 40. Bd2
Qd8 41. Rf3 Qc8 42. Rb6 Bg7 43. Rf1 Ne8 44. Rfb1 Qd8 45. R6b3 Qh4 46. g3 Qf6 47.
Re1 Qd4 48. Nb1 Qf2+ 49. Kh1 Bd4 50. Rb8 Qf3+ 51. Kh2 Qf2+ 52. Kh1 Qf3+ 53. Kh2
Qf2+ 54. Kh1 Qf3+ 55. Kh2 1/2-1/2

[Event "PRO League Atlantic 2017"]
[Site "chess.com INT"]
[Date "2017.01.11"]
[Round "1"]
[White "Wang, Jason"]
[Black "Arias, Juan Cruz"]
[Result "0-1"]
[WhiteElo "2006"]
[BlackElo "2202"]
[WhiteTeam "Columbus Cardinals"]
[BlackTeam "Patagonia Penguins"]
[WhiteFideId "30908124"]
[BlackFideId "118540"]
[EventDate "2017.01.11"]

1. d4 e6 2. c4 f5 3. g3 Nf6 4. Bg2 c6 5. Nf3 d5 6. O-O Bd6 7. b3 Qe7 8. a4 a5 9.
Ba3 Bxa3 10. Nxa3 O-O 11. e3 Na6 12. Qe2 Nb4 13. Nc2 b6 14. Nxb4 Qxb4 15. Qd3
Ba6 16. Ne5 Rac8 17. Rfc1 c5 18. Qd1 cxd4 19. exd4 dxc4 20. bxc4 Qd6 21. Qd3
Rfd8 22. Rd1 Nd7 23. Qe3 Nxe5 24. Qxe5 Bxc4 25. Qxd6 Rxd6 26. Rac1 Ba6 27. Rxc8+
Bxc8 28. d5 exd5 29. Bxd5+ Kf8 30. Rc1 Bd7 31. Bb3 Ke7 32. Kf1 Rd3 33. Bd1 Kd6
34. Ke2 Rd4 35. Bb3 b5 36. Ke3 Re4+ 37. Kd3 bxa4 38. Bc4 Bc6 39. f3 Re7 40. f4
Rb7 41. Kc3 Be4 42. Ba2 a3 43. Rd1+ Kc5 44. Rd8 Rb2 45. Rc8+ Kd6 46. Bb3 Rxh2
47. Rd8+ Kc7 48. Rd1 a2 49. Ra1 Bb1 50. Kd4 Kd6 51. Ke3 Kc5 52. Be6 g6 53. Kf3
Kd4 54. g4 fxg4+ 55. Kxg4 Kc3 56. Kg3 Rd2 57. Bxa2 Bxa2 58. Rc1+ Rc2 59. Re1 Bc4
60. Re5 a4 61. Ra5 Kb4 0-1

[Event "PRO League Atlantic 2017"]
[Site "chess.com INT"]
[Date "2017.01.11"]
[Round "1"]
[White "Iermito, Sebastian"]
[Black "Katz, Alexander R"]
[Result "1-0"]
[WhiteTitle "IM"]
[BlackTitle "IM"]
[WhiteElo "2498"]
[BlackElo "2335"]
[WhiteTeam "Buenos Aires Krakens"]
[BlackTeam "New Jersey Knockouts"]
[WhiteFideId "114286"]
[BlackFideId "2039796"]
[EventDate "2017.01.11"]

1. e4 d6 2. d4 Nf6 3. Nc3 g6 4. Bg5 Bg7 5. Qd2 h6 6. Bh4 Nbd7 7. f4 c5 8. d5 O-O
9. Nf3 a6 10. O-O-O b5 11. e5 b4 12. Na4 Ne4 13. Qe3 f5 14. exd6 Qa5 15. dxe7
Re8 16. Qb3 Nd6 17. Nd2 Nf6 18. Nc4 Qc7 19. Nab6 Rb8 20. Nxc8 Rbxc8 21. Bd3 Rxe7
22. Rhe1 Rce8 23. Re6 Rxe6 24. dxe6 Kh7 25. Ne5 Qe7 26. Nd7 Qxe6 27. Qxe6 Rxe6
28. Bxf6 c4 29. Bf1 Ne4 30. Bxg7 Kxg7 31. Bxc4 Rc6 32. Bd5 1-0

[Event "PRO League Atlantic 2017"]
[Site "chess.com INT"]
[Date "2017.01.11"]
[Round "1"]
[White "Iermito, Sebastian"]
[Black "Benjamin, Joel"]
[Result "1-0"]
[WhiteTitle "IM"]
[BlackTitle "GM"]
[WhiteElo "2498"]
[BlackElo "2544"]
[WhiteTeam "Buenos Aires Krakens"]
[BlackTeam "New Jersey Knockouts"]
[WhiteFideId "114286"]
[BlackFideId "2000091"]
[EventDate "2017.01.11"]

1. e4 c5 2. Nf3 d6 3. Bb5+ Bd7 4. Bxd7+ Nxd7 5. O-O Ngf6 6. Qe2 e6 7. b3 Be7 8.
Bb2 O-O 9. c4 a6 10. d4 cxd4 11. Nxd4 Qc7 12. Nc3 Rfe8 13. Rad1 Rac8 14. f4 Qc5
15. Kh1 Qh5 16. Nf3 Nf8 17. e5 dxe5 18. fxe5 Ng4 19. Ne4 Rcd8 20. h3 Nh6 21. c5
Nf5 22. Kh2 Rxd1 23. Rxd1 Ng6 24. g4 Nf4 25. Qf1 Qg6 26. gxf5 exf5 27. Nd6 Rd8
28. Nh4 Bxh4 29. Qxf4 Qh5 30. Rg1 h6 31. e6 Bg5 32. exf7+ Kh8 33. Qe5 Bf6 34.
Qe8+ Kh7 35. Bxf6 1-0

[Event "PRO League Atlantic 2017"]
[Site "chess.com INT"]
[Date "2017.01.11"]
[Round "1"]
[White "Obrien, Matthew J"]
[Black "Cremisi, Daniel Josef"]
[Result "0-1"]
[WhiteElo "2084"]
[BlackElo "2148"]
[WhiteTeam "Philadelphia Inventors"]
[BlackTeam "Carolina Cobras"]
[WhiteFideId "2059150"]
[BlackFideId "2089882"]
[EventDate "2017.01.11"]

1. e4 e6 2. d4 d5 3. e5 c5 4. c3 Nc6 5. Nf3 Qb6 6. a3 c4 7. Nbd2 Na5 8. Rb1 Bd7
9. Be2 Nh6 10. O-O Be7 11. Re1 Nf5 12. Qc2 O-O 13. Nf1 Rac8 14. Ne3 Nxe3 15.
Bxe3 f6 16. exf6 Bxf6 17. Ng5 Bxg5 18. Bxg5 Be8 19. Bg4 Bg6 20. Qe2 Bf5 21. Bxf5
Rxf5 22. Be7 Rc6 23. Qe3 Qc7 24. Bh4 b6 25. Bg3 Qd7 26. Re2 Nb7 27. Rbe1 Nd8 28.
Be5 Nf7 29. Qg3 Nxe5 30. Rxe5 Rxe5 31. Qxe5 Qd6 32. Qg5 Qd7 33. h4 Rc8 34. Re3
Rf8 35. h5 h6 36. Qg4 Rf6 37. Rg3 Qf7 38. Re3 Rxf2 39. Rxe6 Rxb2 40. Re5 Rb1+
41. Kh2 Rf1 42. Qh4 Rf5 43. Rxf5 Qxf5 44. g3 Qc2+ 45. Kh3 Qf5+ 46. Kh2 Qg5 47.
Qh3 Qd2+ 48. Kh1 Qe1+ 49. Kh2 Qf2+ 50. Kh1 Kh7 51. Qg4 Qe1+ 52. Kh2 Qe4 53. Qd7
Qe2+ 54. Kg1 Qxh5 55. Qxa7 Qd1+ 56. Kh2 Qd2+ 57. Kh3 Qxc3 58. Qxb6 Qf3 0-1

[Event "PRO League Atlantic 2017"]
[Site "chess.com INT"]
[Date "2017.01.11"]
[Round "1"]
[White "Minear, Peter"]
[Black "Giannatos, Peter"]
[Result "0-1"]
[WhiteElo "2209"]
[BlackElo "2284"]
[WhiteTeam "Philadelphia Inventors"]
[BlackTeam "Carolina Cobras"]
[WhiteFideId "2015528"]
[BlackFideId "2041650"]
[EventDate "2017.01.11"]

1. e4 e6 2. d4 d5 3. Nd2 Nf6 4. e5 Nfd7 5. Bd3 c5 6. c3 Nc6 7. Ngf3 h6 8. O-O g5
9. dxc5 Bg7 10. Nb3 Ndxe5 11. Re1 O-O 12. Bc2 Nxf3+ 13. Qxf3 e5 14. Be3 Be6 15.
Rad1 Qf6 16. Qh5 Rad8 17. f3 Ne7 18. h4 gxh4 19. Bf2 Ng6 20. Bxg6 fxg6 21. Qxh4
g5 22. Qh2 Rd7 23. Bg3 e4 24. Nd4 exf3 25. Rxe6 Qf7 26. Re3 f2+ 27. Kf1 Bxd4 28.
cxd4 Qg6 29. Re2 Rdf7 30. Be5 Qa6 31. b3 Qg6 32. Qh3 g4 33. Qh4 Rf5 34. Qg3 Qh5 0-1